Lima Barreto e o fim do sonho republicano = Lima Barreto y el fin del sueño republicano /
שמור ב:
| מחבר ראשי: | |
|---|---|
| פורמט: | לא ידוע |
| שפה: | Portuguese |
| יצא לאור: |
Rio de Janeiro :
Tempo Brasileiro,
1995.
|
| נושאים: | |
| תגים: |
הוספת תג
אין תגיות, היה/י הראשונ/ה לתייג את הרשומה!
|
MARC
| LEADER | 000000000a22000000004500 | ||
|---|---|---|---|
| 001 | 011321 | ||
| 020 | |a 8528200671 | ||
| 041 | 0 | |a por | |
| 082 | 0 | 4 | |a Br869.8 |b N385l |
| 100 | 1 | |a Figueiredo, Carmem Lucia Negreiros de | |
| 245 | 1 | 0 | |a Lima Barreto e o fim do sonho republicano = |b Lima Barreto y el fin del sueño republicano / |c Carmem Lucia Negreiros de Figueiredo. |
| 246 | 3 | 1 | |a Lima Barreto y el fin del sueño republicano |
| 260 | 1 | |a Rio de Janeiro : |b Tempo Brasileiro, |c 1995. | |
| 300 | |a 136 páginas | ||
| 500 | |a Colección George Yúdice | ||
| 650 | 4 | |a LIMA BARRETO (1881-1922) | |
| 650 | 4 | |a LITERATURA Y SOCIEDAD | |
| 650 | 4 | |a BRASIL | |
| 650 | 4 | |a CRITICA E INTERPRETACION | |
| 999 | |c 16618 |d 16618 | ||
| 942 | |c BK |h Br869.8 N385l |2 z | ||



